Роль социального аспекта в обучении деловому английскому языку; Ч. 1

Bibliographische Detailangaben
Parent link:Ч. 1.— 2008.— С. 34-36
1. Verfasser: Беленюк Н. А.
Weitere Verfasser: Качалов Н. А. (научный руководитель)
Sprache:Russisch
Veröffentlicht: 2008
Schlagworte:
Format: Buchkapitel
KOHA link:https://koha.lib.tpu.ru/cgi-bin/koha/opac-detail.pl?biblionumber=164226

MARC

LEADER 00000naa2a2200000 4500
001 164226
005 20231031161202.0
035 |a (RuTPU)RU\TPU\book\178179 
090 |a 164226 
100 |a 20090902d2008 k y0rusy50 ca 
101 0 |a rus 
102 |a RU 
200 1 |a Роль социального аспекта в обучении деловому английскому языку  |f Н. А. Беленюк  |g науч. рук. Н. А. Качалов 
320 |a Библиогр.: 3 назв. 
463 0 |0 (RuTPU)RU\TPU\book\165018  |t Ч. 1  |v С. 34-36  |d 2008  |p 282 с. 
610 1 |a английский язык 
610 1 |a деловое общение 
610 1 |a обучение 
610 1 |a социальная компетенция 
610 1 |a языковая подготовка 
610 1 |a труды учёных ТПУ 
700 1 |a Беленюк  |b Н. А. 
702 1 |a Качалов  |b Н. А.  |4 727 
801 1 |a RU  |b 63413507  |c 20090902 
942 |c BK